000 00391nam a22001457a 4500
005 20250314142107.0
008 250314b |||||||| |||| 00| 0 eng d
020 _a9780333777657
050 _aHD69
_b.P75 KEE
100 _aKeeling, Ralph
245 _aProject management;
_ban international perspective
260 _aPalgrave
_bNew York
_cc2000
300 _a215p;
_bill.;
942 _2lcc
_cBK
_n0
999 _c4800
_d4800